000 00677nam a22002657a 4500
001 BR8902994
003 BR-BrBNA
005 20230928093236.0
007 ta
008 230509b bl.||||| |||| 00| 0 por d
040 _aBR-BrBNA
_bpor
_cBiblioteca Nacional de Agricultura
041 _a(Por)
072 _aF01; P40
090 _ F01 BR8902994
100 1 _aTubelis, A.
245 1 _aA chuva e a producao agricola
260 3 _aSao Paulo, SP (Brasil):
_c1988.
300 _a85 p.
500 _a8 ref.; 19 illus.; 14 tables
650 _aPRODUCAO VEGETAL
650 _aRENDIMENTO
650 _aMETEOROLOGIA
909 _a202309
_bLucia
_c55
_dLucia Elande
942 _cBK
999 _c43831
_d43831